000 00319nam a22001457a 4500
008 230518b ||||| |||| 00| 0 eng d
020 _a9780321131867
041 _aeng
080 _2SIXTH EDITION
_a510
082 _a510DEM
100 _a23
101 _aMATE
245 _aPRECALCULUS
_cDEMANA. F
942 _2udc
_cBK
999 _c59778
_d59778